| Поле | Инд. | ПП | Название | Значение |
|---|---|---|---|---|
| Тип записи | a | |||
| Библиографический уровень | s | |||
| 001 | Контрольный номер | c91d85ccf9bf4575b344ebf5c3aef046 | ||
| 005 | Дата корректировки | 20231113143527.5 | ||
| 020 | c | Цена, тираж | 0-00 | |
| 022 | 0_ | a | ISSN | 2542-1220 |
| 040 | b | Код языка каталог. | rus | |
| e | Правила каталог. | PSBO | ||
| 041 | 0_ | a | Код языка текста | rus |
| 084 | a | Индекс другой классификации/Индекс ББК | 72 | |
| 090 | a | Полочн. индекс | К 72 | |
| c | Каталожный индекс | К 72 | ||
| x | Авторский знак | Н 34 | ||
| 097 | b | Оператор | Максимова | |
| 245 | 10 | a | Заглавие | Научный вестник Арктики |
| b | Продолж. заглавия | научно-практический журнал | ||
| c | Ответственность | главный редактор С. Г. Виноградова | ||
| n | Номер части/ раздела | № 12 | ||
| 260 | a | Место издания | Норильск | |
| b | Издательство | ЗГУ | ||
| c | Дата издания | 2022 | ||
| 300 | a | Объем | 100 с. | |
| 653 | 0_ | a | Ключевые слова | Арктическая зона взлетно-посадочная полоса; Арктическая зона строительство транспортных объектов; Арктическая зона дорожные плиты; вечная мерзлота строительство; памятники деревянного зодчества реставрация; геокриология; вечная мерзлота деформация зданий |
| 900 | a | Имя макрообъекта | 000000371507 | |
| 901 | t | Тип документа | s |